000 00694nam a2200253Ia 4500
003 OSt
005 20220918164925.0
006 a|||||r|||| 00| 0
007 ta
008 220917b |||||||| |||| 00| 0 eng d
020 _a0815709366
024 _a4,105
037 _cTextual
040 _aARTS
_cARTS
_beng
041 _2eng
_aeng
082 _aV1:19 (zM).N8<-N4, M7
100 _aBetts Richard K.
_921741
245 0 _aNuclear blackmail and nuclear balance
260 _aWashington
_bBrookings Institution
_c1987
300 _axi,240p
_ccm.
650 _aHISTORY
942 _hV1:19 (zM).N8<-N4, M7
_cTEXL
_2CC
999 _c127462
_d127462